60 years and bon vivant : (Record no. 20313)

MARC details
000 -LEADER
fixed length control field 00657nam a2200205 a 4500
003 - CONTROL NUMBER IDENTIFIER
control field PILC
005 - DATE AND TIME OF LATEST TRANSACTION
control field 20160306115607.0
008 - FIXED-LENGTH DATA ELEMENTS--GENERAL INFORMATION
fixed length control field 120815s2008 xx 00 eng d
010 ## - LIBRARY OF CONGRESS CONTROL NUMBER
LC control number Acc#42722
020 ## - INTERNATIONAL STANDARD BOOK NUMBER
International Standard Book Number 9789719389682
050 ## - LIBRARY OF CONGRESS CALL NUMBER
Classification number Fil DS 528.8 .F8
Item number S99 2008
040 ## - CATALOGING SOURCE
Transcribing agency Philippine Baptist Theological Seminary
245 10 - TITLE STATEMENT
Title 60 years and bon vivant :
Remainder of title Philippine-French relations /
Statement of responsibility, etc. Ambeth R. Ocampo, editor.
260 0# - PUBLICATION, DISTRIBUTION, ETC (IMPRINT)
Place of publication, distribution, etc. Manila, Phils :
Name of publisher, distributor, etc. ArtPostAsia Pte Ltd,
Date of publication, distribution, etc. c2008.
300 ## - PHYSICAL DESCRIPTION
Extent 167 p. ; 24 cm.
650 ## - SUBJECT ADDED ENTRY--TOPICAL TERM
Topical term or geographic name as entry element FRENCH
General subdivision PHILIPPINES
650 ## - SUBJECT ADDED ENTRY--TOPICAL TERM
Topical term or geographic name as entry element PHILIPPINES
General subdivision RELATIONS
-- FRANCE
650 #4 - SUBJECT ADDED ENTRY--TOPICAL TERM
Topical term or geographic name as entry element FRANCE
General subdivision RELATIONS
-- PHILIPPINES
942 ## - ADDED ENTRY ELEMENTS (KOHA)
Koha item type Circulation Books
Source of classification or shelving scheme Library of Congress Classification
Holdings
Withdrawn status Lost status Source of classification or shelving scheme Damaged status Not for loan Home library Current library Shelving location Date acquired Source of acquisition Total Checkouts Total Renewals Full call number Barcode Date last seen Date last checked out Price effective from Koha item type
    Dewey Decimal Classification     PBTS Library PBTS Library Filipiniana Section 08/15/2012 Gift 1 6 Fil DS 528.8 .F8 S99 2008 42722 02/04/2026 11/10/2015 04/02/2015 Circulation Books

Philippine Baptist Theological Seminary | 19 Tacay Road, Central Guisad, Baguio City 2600, Philippines